| 000 | 00000nam 2200000zi 4500 |
| 001 | 9.922929 |
| 003 | CaOODSP |
| 005 | 20230518160157 |
| 006 | m o d f |
| 007 | cr |n||||||||| |
| 008 | 230518s2003 onca o f000 0|eng d |
| 020 | |z0662672658 |
| 040 | |aCaOODSP|beng|erda|cCaOODSP |
| 043 | |an-cn--- |
| 086 | 1 |aIu4-39/2003E-PDF|zIu4-39/2003 |
| 245 | 00|aE-business : |bebiz.enable. |
| 264 | 1|a[Ottawa] : |bIndustry Canada = Industrie Canada, |c[2003] |
| 300 | |a1 online resource (3 unnumbered pages) : |billustrations |
| 336 | |atext|btxt|2rdacontent |
| 337 | |acomputer|bc|2rdamedia |
| 338 | |aonline resource|bcr|2rdacarrier |
| 500 | |aDigitized edition from print [produced by Innovation, Science and Economic Development Canada]. |
| 500 | |aIssued also in French under title: Affaires électroniques : ebiz.facile. |
| 500 | |a"53914B." |
| 650 | 0|aElectronic commerce|zCanada|xComputer network resources. |
| 650 | 0|aSmall business|zCanada|xComputer network resources. |
| 650 | 0|aWeb portals|zCanada. |
| 650 | 0|aGovernment Web sites|zCanada. |
| 710 | 1 |aCanada. |bIndustry Canada, |eissuing body. |
| 775 | 08|tAffaires électroniques : |w(CaOODSP)9.922938 |
| 856 | 40|qPDF|s145 KB|uhttps://publications.gc.ca/collections/collection_2023/isde-ised/iu4/Iu4-39-2003-eng.pdf |